Statistics for 15 Biggest Cities per Continent with a Map

Click here to take the quiz!

General Stats

  • This quiz has been taken 528 times
  • The average score is 77 of 90

Answers on the Map

Answers color-coded by a green-red scale on the quiz's map according to % correct below.
 

Answer Stats

Pop.City% Correct
4.73 mBerlin
97%
14.8 mLondon
97%
17.7 mLos Angeles
97%
6.55 mMadrid
97%
23.0 mMexico City
97%
22.1 mNew York City
97%
11.4 mParis
97%
13.2 mRio de Janeiro
97%
3.58 mRome
97%
21.0 mCairo
96%
16.0 mIstanbul
96%
6.40 mMiami
96%
17.3 mMoscow
96%
40.4 mTokyo
96%
3.35 mAthens
95%
4.78 mBarcelona
95%
19.8 mBeijing
95%
16.4 mBuenos Aires
95%
3.48 mKiev
95%
5.65 mSaint Petersburg
95%
7.85 mSan Francisco
95%
22.4 mSão Paulo
95%
24.8 mSeoul
95%
5.30 mSydney
95%
4.23 mCape Town
94%
9.75 mChicago
94%
30.3 mDelhi
94%
6.75 mHouston
94%
31.3 mJakarta
94%
6.20 mMilan
94%
25.1 mMumbai
94%
7.25 mSantiago de Chile
94%
7.75 mBoston
93%
7.20 mDallas
93%
13.9 mJohannesburg
93%
10.1 mLima
93%
25.7 mManila
93%
33.6 mShanghai
93%
18.8 mBangkok
92%
9.60 mBogotá
92%
4.00 mBrasília
92%
19.4 mLagos
92%
4.98 mMelbourne
92%
8.55 mWashington, D.C.
92%
2.08 mPerth
91%
7.45 mToronto
91%
0.42 mWellington
91%
5.80 mAlexandria
90%
1.41 mAuckland
90%
3.75 mCaracas
90%
5.75 mDetroit
90%
20.2 mDhaka
90%
4.23 mNaples
90%
3.98 mAlgiers
89%
1.00 mHonolulu
89%
17.7 mOsaka
89%
7.35 mPhiladelphia
89%
5.85 mAtlanta
88%
3.25 mFrankfurt am Main
88%
46.7 mGuangzhou
88%
5.90 mNairobi
88%
4.48 mCasablanca
87%
12.4 mKinshasa
86%
3.15 mBrisbane
85%
0.46 mCanberra
85%
5.00 mCologne - Düsseldorf
83%
17.8 mKarachi
83%
16.8 mKolkata
83%
6.45 mDar es Salaam
82%
6.30 mKhartoum
82%
8.15 mLuanda
81%
3.25 mRotterdam
81%
1.34 mAdelaide
80%
5.35 mGuadalajara
80%
5.10 mAccra
76%
0.41 mChristchurch
75%
0.36 mPort Moresby
75%
4.03 mMedellín
74%
5.00 mBelo Horizonte
72%
3.85 mRecife
68%
5.60 mAbidjan
66%
0.21 mHobart
65%
4.13 mPorto Alegre
63%
3.60 mSalvador
61%
3.68 mFortaleza
60%
4.70 mKano
59%
3.43 mCuritiba
48%
0.49 mNewcastle
38%
0.30 mWollongong
33%
0.20 mHamilton
32%

Score Distribution

Percentile by Number Answered

Percent of People with Each Score

Your Score History

You have not taken this quiz